Statistiques concernant Vainqueur et finaliste du Challenge Européen de rugby

Cliquez ici pour prendre le quiz!

Statistiques générales

  • Ce quiz a été pris 314 fois
    (29 depuis la dernière actualisation)
  • Le résultat moyen est 18 sur 29

Statistiques - réponses

Réponse% Correct
RC Toulon
96%
ASM Clermont
92%
Leinster
92%
Stade Français
88%
Castres Olympique
84%
Montpellier HR
80%
Stade Rochelais
80%
Biarritz Olympique
76%
Lyon OU
76%
Gloucester RFC
72%
Section Paloise
72%
Cardiff Blues
64%
Sharks
64%
Leicester Tigers
60%
Northampton Saints
60%
Glasgow Warriors
56%
Harlequins
56%
Bath
52%
CS Bourgoin-Jallieu
52%
Edimbourg Rugby
52%
Sale Sharks
52%
US Colomiers
52%
Bristol Bears
48%
SU Agen
48%
Wasps
44%
London Irish
32%
RC Narbonne
24%
Worcester Warriors
20%
Pontypridd RFC
12%

Distribution des résultats

Percentile par nombre de réponses

% des personnes avec chaque résultat

Votre développement - résultats

Vous n’avez pas pris ce quiz depuis la dernière actualisation